[Event "TCh-CZE Extraliga 2016-17"]
[Site "Czech Republic CZE"]
[Date "2017.02.26"]
[EventDate "2016.10.08"]
[Round "8.2"]
[Result "1/2-1/2"]
[White "Wang Hao"]
[Black "Piotr Bobras"]
[WhiteElo "2701"]
[BlackElo "2524"]
[PlyCount "56"]

1. e4 c5 2. Nf3 d6 3. d4 cxd4 4. Nxd4 Nf6 5. Nc3 a6 6. Be3 e5
7. Nb3 Be7 8. f3 Be6 9. Qd2 O-O 10. O-O-O Nbd7 11. g4 b5
12. g5 b4 13. gxf6 bxc3 14. Qxc3 Nxf6 15. Na5 Qd7 16. Nc6 Rfc8
17. Nxe7+ Qxe7 18. Qa5 Rab8 19. b3 d5 20. exd5 Nxd5 21. Rxd5
Bxd5 22. Qxd5 Qa3+ 23. Kb1 Rd8 24. Bc5 Qa5 25. Qxe5 Rxb3+
26. cxb3 Rd1+ 27. Kb2 Qd2+ 28. Ka3 Qa5+ 1/2-1/2

[Event "HD Bank Cup"]
[Site "Ho Chi Minh City VIE"]
[Date "2017.03.12"]
[EventDate "2017.03.12"]
[Round "1.5"]
[Result "1-0"]
[White "Wang Hao"]
[Black "Pham Chuong"]
[WhiteElo "2683"]
[BlackElo "2377"]
[PlyCount "59"]

1. e4 c5 2. Nf3 d6 3. d4 cxd4 4. Nxd4 Nf6 5. Nc3 g6 6. Be3 Bg7
7. f3 O-O 8. Qd2 Nc6 9. O-O-O d5 10. Qe1 e6 11. h4 Qc7
12. Ndb5 Qe7 13. Bf4 d4 14. Bd6 Qd8 15. Bxf8 Qxf8 16. Nxd4
Nxd4 17. Rxd4 Nd5 18. Rd3 Nxc3 19. Rxc3 Bxc3 20. Qxc3 Bd7
21. h5 Qh6+ 22. Kb1 Bc6 23. g4 Rd8 24. Bd3 Qg7 25. Qa5 Qd4
26. b3 Rd7 27. hxg6 hxg6 28. Qg5 Qc3 29. Qf4 Qd4 30. Qh2 1-0

[Event "HD Bank Cup"]
[Site "Ho Chi Minh City VIE"]
[Date "2017.03.12"]
[EventDate "2017.03.12"]
[Round "2.5"]
[Result "0-1"]
[White "Oliver Dimakiling"]
[Black "Wang Hao"]
[WhiteElo "2405"]
[BlackElo "2683"]
[PlyCount "78"]

1. Nf3 c5 2. e3 Nf6 3. d4 g6 4. c3 b6 5. Nbd2 Bb7 6. a4 cxd4
7. exd4 a6 8. Bd3 Bg7 9. O-O O-O 10. Re1 d6 11. Nc4 Nbd7
12. h3 Re8 13. Bf4 Qc7 14. Bf1 Bc6 15. Ne3 Nd5 16. Bg3 Nxe3
17. Rxe3 Nf6 18. c4 Nh5 19. Bh2 e5 20. dxe5 dxe5 21. Qb3 Bxf3
22. Rxf3 Nf4 23. Bxf4 exf4 24. Rd1 Re7 25. Qc2 a5 26. Qd2 Rae8
27. b3 Re4 28. Rd3 Bf8 29. Rd7 Qe5 30. Rd5 Qf6 31. Rd4 Kg7
32. Rxe4 Rxe4 33. Be2 Bc5 34. Bf3 Re3 35. Qa2 Re5 36. Qa1 h5
37. Kf1 Bb4 38. Be2 Kh7 39. Qd4 f3 0-1

[Event "HD Bank Cup"]
[Site "Ho Chi Minh City VIE"]
[Date "2017.03.13"]
[EventDate "2017.03.12"]
[Round "3.3"]
[Result "1-0"]
[White "Wang Hao"]
[Black "P Shyam Nikil"]
[WhiteElo "2683"]
[BlackElo "2440"]
[PlyCount "61"]

1. d4 d5 2. c4 dxc4 3. e4 e5 4. Nf3 Bb4+ 5. Bd2 Bxd2+ 6. Nbxd2
exd4 7. Bxc4 Nc6 8. O-O Qf6 9. e5 Qg6 10. Re1 Be6 11. Bxe6
fxe6 12. Qb3 Nge7 13. Qxb7 O-O 14. Rac1 Rab8 15. Qxc7 Rfc8
16. Qd6 Rd8 17. Qa3 Nb4 18. Re4 Ned5 19. Nxd4 Nf4 20. Rxf4 Nd3
21. Nc6 Qg5 22. Rf8+ Rxf8 23. Qxd3 Rxb2 24. Rd1 Qh4 25. Rf1
Qa4 26. Nd4 Qxa2 27. Ne4 h6 28. Nc3 Qa3 29. Nxe6 Re8 30. Qg6
Qe7 31. Nxg7 1-0

[Event "HD Bank Cup"]
[Site "Ho Chi Minh City VIE"]
[Date "2017.03.14"]
[EventDate "2017.03.12"]
[Round "4.1"]
[Result "1/2-1/2"]
[White "Tran Tuan Minh"]
[Black "Wang Hao"]
[WhiteElo "2503"]
[BlackElo "2683"]
[PlyCount "40"]

1. d4 Nf6 2. c4 e6 3. Nc3 Bb4 4. e3 O-O 5. Nf3 d5 6. Bd2 b6
7. Be2 Bb7 8. O-O Be7 9. cxd5 exd5 10. Ne5 Nbd7 11. Nd3 Ne4
12. Rc1 Nxd2 13. Qxd2 a5 14. a3 c6 15. Bf3 Nf6 16. Rfe1 Re8
17. g3 Bf8 18. Qc2 Ne4 19. Bg2 Nd6 20. Ne5 f6 1/2-1/2

[Event "HD Bank Cup"]
[Site "Ho Chi Minh City VIE"]
[Date "2017.03.14"]
[EventDate "2017.03.12"]
[Round "5.1"]
[Result "1/2-1/2"]
[White "Wang Hao"]
[Black "Le Quang Liem"]
[WhiteElo "2683"]
[BlackElo "2712"]
[PlyCount "42"]

1. c4 e6 2. Nf3 Nf6 3. g3 d5 4. Bg2 dxc4 5. Qa4+ Bd7 6. Qxc4
c5 7. Ne5 Qc8 8. Nc3 Nc6 9. Nxd7 Qxd7 10. Qa4 Rc8 11. O-O Be7
12. d3 O-O 13. Be3 Rfd8 14. Rfc1 b6 15. a3 Na5 16. Qxd7 Rxd7
17. Rc2 Ng4 18. Ne4 Nb3 19. Rb1 f5 20. Nd2 Nxe3 21. fxe3 Nxd2
1/2-1/2

[Event "HD Bank Cup"]
[Site "Ho Chi Minh City VIE"]
[Date "2017.03.15"]
[EventDate "2017.03.12"]
[Round "6.1"]
[Result "1/2-1/2"]
[White "Wang Hao"]
[Black "Wei Yi"]
[WhiteElo "2683"]
[BlackElo "2725"]
[PlyCount "71"]

1. e4 e5 2. Nf3 Nc6 3. Bb5 a6 4. Ba4 Nf6 5. O-O Be7 6. Re1 b5
7. Bb3 O-O 8. h3 Bb7 9. d3 d5 10. exd5 Nxd5 11. Nxe5 Nd4
12. Nc3 Nb4 13. Ne4 Nxb3 14. axb3 f6 15. Nf3 c5 16. Bd2 Qd7
17. Bxb4 cxb4 18. d4 Rac8 19. Qd3 Rc7 20. c4 bxc3 21. bxc3
Rfc8 22. Rad1 Bf8 23. d5 f5 24. Ng3 Rxc3 25. Qxf5 Qxf5
26. Nxf5 R3c5 27. Ne3 R5c7 28. Ra1 Rd8 29. Nd4 Bxd5 30. Rxa6
Bf7 31. Ne6 Bxe6 32. Rxe6 Rc3 33. Rb1 Rdd3 34. b4 Rb3 35. Rxb3
Rxb3 36. Nd5 1/2-1/2

[Event "HD Bank Cup"]
[Site "Ho Chi Minh City VIE"]
[Date "2017.03.16"]
[EventDate "2017.03.12"]
[Round "7.3"]
[Result "0-1"]
[White "Anh Khoi Nguyen"]
[Black "Wang Hao"]
[WhiteElo "2459"]
[BlackElo "2683"]
[PlyCount "80"]

1. d4 Nf6 2. c4 e6 3. Nc3 c5 4. d5 exd5 5. cxd5 d6 6. Nf3 g6
7. Bf4 a6 8. a4 Bg7 9. h3 O-O 10. e3 Qe7 11. Be2 Nbd7 12. O-O
Ne8 13. Nd2 Rb8 14. Qc2 Ne5 15. Bh2 f5 16. Rae1 Nf6 17. a5 Bd7
18. b3 Rbe8 19. Nc4 Nxc4 20. bxc4 Bc8 21. Rb1 Nd7 22. Rfe1 Qf6
23. Na4 g5 24. Bh5 Re7 25. f4 g4 26. hxg4 Qh4 27. g3 Qh3
28. Qg2 Qxg2+ 29. Kxg2 Nf6 30. gxf5 Nxh5 31. g4 Nf6 32. g5 Ne4
33. f6 Bxf6 34. gxf6 Rxf6 35. Rb2 Rg6+ 36. Kf1 Bh3+ 37. Ke2
Rg2+ 38. Kf3 Nd2+ 39. Rxd2 Rxd2 40. Rg1+ Kf8 0-1

[Event "HD Bank Cup"]
[Site "Ho Chi Minh City VIE"]
[Date "2017.03.16"]
[EventDate "2017.03.12"]
[Round "8.2"]
[Result "1/2-1/2"]
[White "Wang Hao"]
[Black "Bu Xiangzhi"]
[WhiteElo "2683"]
[BlackElo "2711"]
[PlyCount "47"]

1. e4 c5 2. Nf3 Nc6 3. Bb5 d6 4. O-O Bd7 5. Re1 Nf6 6. c3 a6
7. Bf1 Bg4 8. h3 Bxf3 9. Qxf3 g6 10. d3 Bg7 11. Be3 O-O
12. Nd2 Nd7 13. Qd1 b5 14. a3 e6 15. Nf3 Nce5 16. d4 Nxf3+
17. Qxf3 Qc7 18. Qd1 Nb6 19. dxc5 dxc5 20. Qc2 c4 21. Rad1
Rfd8 22. Bg5 Rxd1 23. Rxd1 h6 24. Be3 1/2-1/2

[Event "HD Bank Cup"]
[Site "Ho Chi Minh City VIE"]
[Date "2017.03.17"]
[EventDate "2017.03.12"]
[Round "9.3"]
[Result "1/2-1/2"]
[White "Ivan Cheparinov"]
[Black "Wang Hao"]
[WhiteElo "2698"]
[BlackElo "2683"]
[PlyCount "53"]

1. d4 d5 2. c4 dxc4 3. e4 Nf6 4. e5 Nd5 5. Bxc4 Nb6 6. Bd3 Nc6
7. Ne2 Bg4 8. Be3 e6 9. Nbc3 Nb4 10. Be4 N4d5 11. O-O c6
12. Qd3 g6 13. a3 Bf5 14. Bd2 Bg7 15. Rfd1 Nxc3 16. Bxc3 Nd5
17. Ng3 O-O 18. Bd2 f6 19. Qe2 fxe5 20. dxe5 Bxe4 21. Nxe4
Bxe5 22. Bb4 Rf7 23. g3 Bg7 24. Nd6 Re7 25. Nc4 Re8 26. Nd6
Re7 27. Nc4 1/2-1/2

[Event "CHN Team Men"]
[Site "Beijing CHN"]
[Date "2017.06.08"]
[EventDate "2017.06.06"]
[Round "3.7"]
[Result "0-1"]
[White "Zilun Lan"]
[Black "Wang Hao"]
[WhiteElo "2354"]
[BlackElo "2696"]
[PlyCount "54"]

1. d4 Nf6 2. c4 e6 3. Nf3 c5 4. Nc3 cxd4 5. Nxd4 Bb4 6. Nb5 d5
7. a3 Bxc3+ 8. Nxc3 d4 9. Na2 e5 10. g3 Bd7 11. Bg2 Bc6 12. f3
a5 13. e3 O-O 14. O-O Na6 15. exd4 exd4 16. Bf4 Re8 17. b4
axb4 18. axb4 b5 19. Qd3 bxc4 20. Qxc4 Qb6 21. Rfd1 d3+
22. Kh1 Ng4 23. fxg4 Bxg2+ 24. Kxg2 Re2+ 25. Kh3 g5 26. Bxg5
Qf2 27. Rh1 Qg2+ 0-1

[Event "CHN Team Men"]
[Site "Beijing CHN"]
[Date "2017.06.09"]
[EventDate "2017.06.06"]
[Round "4.6"]
[Result "1-0"]
[White "Wang Hao"]
[Black "Wenda Wu"]
[WhiteElo "2696"]
[BlackElo "1829"]
[PlyCount "63"]

1. e4 c5 2. Nf3 d6 3. d4 cxd4 4. Nxd4 Nf6 5. Nc3 a6 6. Be3 e5
7. Nb3 Be6 8. f3 Be7 9. Qd2 O-O 10. O-O-O Qc7 11. g4 Rc8
12. g5 Nh5 13. Kb1 Nd7 14. f4 Nxf4 15. Bxf4 exf4 16. Qxf4 b5
17. Nd4 Ne5 18. h4 Bf8 19. h5 Nc6 20. Nxc6 Qxc6 21. Bd3 Qb6
22. Nd5 Qa5 23. Rdg1 Ra7 24. a3 Rb7 25. e5 Bxd5 26. Qf5 g6
27. Qxc8 Bxh1 28. hxg6 hxg6 29. Rxh1 Qb6 30. e6 Qc7 31. exf7+
Qxf7 32. Bxg6 1-0

[Event "Hainan Danzhou GM"]
[Site "Danzhou CHN"]
[Date "2017.07.10"]
[EventDate "2017.07.09"]
[Round "2.4"]
[Result "1/2-1/2"]
[White "Yu Yangyi"]
[Black "Wang Hao"]
[WhiteElo "2753"]
[BlackElo "2698"]
[PlyCount "115"]

1. d4 d5 2. c4 c6 3. cxd5 cxd5 4. Bg5 h6 5. Bh4 Qb6 6. Nc3 e6
7. Qd2 Nc6 8. e3 Be7 9. Nf3 Bxh4 10. Nxh4 Nf6 11. Bd3 Qd8
12. Nf3 b6 13. Ne5 Bb7 14. f4 Rc8 15. O-O O-O 16. Rfc1 Ne7
17. Qc2 Ne4 18. Qa4 Nxc3 19. bxc3 Nc6 20. Nxc6 Bxc6 21. Qa3
Qd7 22. Rab1 Rc7 23. Bh7+ Kxh7 24. Qxf8 Bb5 25. Qa3 Bd3
26. Rb4 Qc8 27. Qb2 Be4 28. h3 Qa6 29. Qd2 Qc8 30. Kh2 Rc6
31. Qe2 Qc7 32. Rb3 Rc4 33. Qb2 Rc6 34. Qa3 Rc4 35. Rb2 h5
36. Rb4 Rc6 37. Qb2 g6 38. Qd2 Kg7 39. Qe1 Kg8 40. Rb3 Rc4
41. Qf2 Qe7 42. Kg1 Qc7 43. Qe1 Ra4 44. Qd2 Rc4 45. Rb4 Rc6
46. Qb2 Bd3 47. Kh2 a5 48. Rb3 Bc4 49. Kg1 Bxb3 50. Qxb3 Rc4
51. Kf2 Rxd4 52. cxd4 Qxc1 53. Qxb6 Qd2+ 54. Kf3 Qxa2 55. Qb8+
Kg7 56. Qe5+ Kg8 57. Qb8+ Kg7 58. Qe5+ 1/2-1/2

[Event "Hainan Danzhou GM"]
[Site "Danzhou CHN"]
[Date "2017.07.11"]
[EventDate "2017.07.09"]
[Round "3"]
[Result "1/2-1/2"]
[White "Wang Hao"]
[Black "Vladimir Malakhov"]
[WhiteElo "2698"]
[BlackElo "2722"]
[PlyCount "58"]

1. e4 e5 2. Nf3 Nc6 3. d4 exd4 4. Nxd4 Bc5 5. Nb3 Bb6 6. Nc3
Nf6 7. Qe2 a5 8. a4 O-O 9. Bg5 h6 10. Bh4 Nd4 11. Qd3 Nxb3
12. cxb3 c6 13. O-O-O d5 14. exd5 cxd5 15. Nxd5 g5 16. Bg3 Be6
17. Nxb6 Qxb6 18. Qb5 Rac8+ 19. Kb1 Qxb5 20. Bxb5 Bxb3 21. Rd6
Ne4 22. Rxh6 Rc2 23. Bd3 Nxg3 24. hxg3 Rd2 25. R6h5 Kg7
26. Rxg5+ Kf6 27. Rf5+ Kg7 28. Rg5+ Kf6 29. Rf5+ Kg7 1/2-1/2

[Event "Hainan Danzhou GM"]
[Site "Danzhou CHN"]
[Date "2017.07.12"]
[EventDate "2017.07.09"]
[Round "4"]
[Result "1/2-1/2"]
[White "Arkadij Naiditsch"]
[Black "Wang Hao"]
[WhiteElo "2712"]
[BlackElo "2698"]
[PlyCount "93"]

1. e4 e5 2. Nf3 Nf6 3. Nxe5 d6 4. Nf3 Nxe4 5. d4 d5 6. Bd3 Be7
7. O-O Bf5 8. Re1 O-O 9. c4 Nc6 10. Nc3 Nxc3 11. bxc3 Bxd3
12. Qxd3 dxc4 13. Qxc4 Qd7 14. d5 Na5 15. Qd3 Rae8 16. Be3 b6
17. Ne5 Qc8 18. h3 Bd6 19. Nf3 h6 20. c4 Nb7 21. Re2 Nc5
22. Qc2 Qd7 23. Rae1 Qa4 24. Qc3 Ne4 25. Qb3 Nc5 26. Qc3 Ne4
27. Qb3 Nc5 28. Bxc5 Qxb3 29. axb3 Rxe2 30. Rxe2 Bxc5 31. Ne5
a5 32. Nd7 Ra8 33. Nxc5 bxc5 34. Ra2 Kf8 35. Kf1 Ke7 36. Ke2
Kd6 37. Kd3 c6 38. dxc6 Kxc6 39. g4 Rd8+ 40. Kc3 Rd4 41. Rxa5
Rf4 42. Kd3 Rxf2 43. Ke4 Re2+ 44. Kf4 Rf2+ 45. Ke4 Re2+
46. Kf4 Rf2+ 47. Ke4 1/2-1/2

[Event "Hainan Danzhou GM"]
[Site "Danzhou CHN"]
[Date "2017.07.13"]
[EventDate "2017.07.09"]
[Round "5.1"]
[Result "1/2-1/2"]
[White "Wang Hao"]
[Black "Vassily Ivanchuk"]
[WhiteElo "2698"]
[BlackElo "2729"]
[PlyCount "70"]

1. e4 e5 2. Nf3 Nc6 3. Bb5 a6 4. Ba4 Nf6 5. O-O Be7 6. Re1 b5
7. Bb3 O-O 8. c3 d6 9. h3 Bb7 10. d4 Re8 11. Nbd2 Bf8 12. d5
Nb8 13. Nf1 Nbd7 14. Ng3 h6 15. Nh2 c6 16. dxc6 Bxc6 17. Ng4
Nc5 18. Bc2 Rc8 19. Qf3 Nxg4 20. Qxg4 g6 21. Be3 Bg7 22. Rad1
Qe7 23. Qe2 Red8 24. c4 h5 25. b4 Ne6 26. Bb3 Nd4 27. Bxd4
exd4 28. Nf1 Re8 29. Nd2 Qb7 30. Qd3 Kf8 31. Qg3 Rcd8 32. cxb5
axb5 33. Qf4 Be5 34. Qh6+ Bg7 35. Qf4 Be5 1/2-1/2

[Event "Hainan Danzhou GM"]
[Site "Danzhou CHN"]
[Date "2017.07.15"]
[EventDate "2017.07.09"]
[Round "6.5"]
[Result "1/2-1/2"]
[White "Wang Hao"]
[Black "Le Quang Liem"]
[WhiteElo "2698"]
[BlackElo "2726"]
[PlyCount "93"]

1. e4 e5 2. Nf3 Nc6 3. Bb5 Nf6 4. d3 Bc5 5. c3 O-O 6. O-O d6
7. Nbd2 a6 8. Bxc6 bxc6 9. Re1 Ba7 10. d4 Re8 11. Qc2 Nh5
12. dxe5 dxe5 13. Nc4 Qf6 14. Be3 Nf4 15. Bxf4 exf4 16. e5 Qh6
17. Nd4 Bxd4 18. cxd4 Be6 19. Nd2 Bd5 20. f3 Re6 21. Ne4 Qh5
22. Qd2 Qf5 23. Nc3 Rg6 24. Nxd5 cxd5 25. Rac1 c6 26. Rc5 h5
27. Qc2 Qxc2 28. Rxc2 Rb8 29. Kf2 h4 30. h3 Kf8 31. Rd1 Ke7
32. Ke1 Kd7 33. Rd3 Re6 34. Ra3 Rb6 35. Kd2 f6 36. exf6 gxf6
37. b3 Kc7 38. Ra5 Kb7 39. Rac5 Rb5 40. Rxb5+ axb5 41. b4 Re3
42. Rc3 Rxc3 43. Kxc3 Ka8 44. Kb2 Kb8 45. Kc3 Ka8 46. Kb2 Kb8
47. Kc3 1/2-1/2

[Event "Hainan Danzhou GM"]
[Site "Danzhou CHN"]
[Date "2017.07.16"]
[EventDate "2017.07.09"]
[Round "7"]
[Result "0-1"]
[White "Lu Shanglei"]
[Black "Wang Hao"]
[WhiteElo "2638"]
[BlackElo "2698"]
[PlyCount "50"]

1. e4 c5 2. Nf3 Nc6 3. Nc3 e5 4. Bc4 Be7 5. d3 Nf6 6. a3 O-O
7. Nd2 d6 8. Nf1 Bg4 9. f3 Be6 10. Ne3 Nd7 11. Ncd5 Bg5 12. g3
Nb6 13. Nxb6 axb6 14. O-O Bxe3+ 15. Bxe3 d5 16. exd5 Bxd5
17. f4 Bxc4 18. dxc4 Qf6 19. b3 exf4 20. Bxf4 Rfe8 21. Qf3 Qg6
22. Rf2 Re7 23. Rd1 Nd4 24. Qd5 Ne2+ 25. Kf1 Nc3 0-1

[Event "Hainan Danzhou GM"]
[Site "Danzhou CHN"]
[Date "2017.07.17"]
[EventDate "2017.07.09"]
[Round "8"]
[Result "1/2-1/2"]
[White "Wang Hao"]
[Black "Wei Yi"]
[WhiteElo "2698"]
[BlackElo "2738"]
[PlyCount "58"]

1. d4 Nf6 2. c4 e6 3. Nf3 d5 4. Nc3 c5 5. cxd5 cxd4 6. Qxd4
exd5 7. e4 Nc6 8. Bb5 dxe4 9. Qxd8+ Kxd8 10. Ng5 Be6 11. O-O
Bb4 12. Ncxe4 Nxe4 13. Nxe4 Ke7 14. Be3 Rhd8 15. Bxc6 bxc6
16. Rfc1 Bd5 17. Nc3 Bxc3 18. Rxc3 f6 19. h3 a5 20. b3 Kf7
21. Rd1 a4 22. bxa4 Rxa4 23. Rxc6 Bxc6 24. Rxd8 Rxa2 25. Rd2
Rxd2 26. Bxd2 Bd5 27. Be3 Bc6 28. Bd2 Bd5 29. Be3 Bc6 1/2-1/2

[Event "Hainan Danzhou GM"]
[Site "Danzhou CHN"]
[Date "2017.07.18"]
[EventDate "2017.07.09"]
[Round "9"]
[Result "1/2-1/2"]
[White "Ruslan Ponomariov"]
[Black "Wang Hao"]
[WhiteElo "2699"]
[BlackElo "2698"]
[PlyCount "113"]

1. e4 c5 2. Nf3 d6 3. d4 cxd4 4. Nxd4 Nf6 5. Nc3 a6 6. Be3 Ng4
7. Bc1 Nf6 8. f3 e5 9. Nb3 Be6 10. Be3 h5 11. Nd5 Bxd5
12. exd5 Nbd7 13. Qd2 g6 14. O-O-O Nb6 15. Qa5 Bh6 16. Bxh6
Rxh6 17. Qd2 Rh8 18. f4 exf4 19. Qxf4 Kf8 20. Bd3 Nbxd5
21. Qg5 Qb6 22. Bxg6 Qe3+ 23. Qxe3 Nxe3 24. Rxd6 Ke7 25. Rd3
Nxg2 26. Rg3 Nf4 27. Re1+ Kf8 28. Rf3 Nxg6 29. Rxf6 Kg7
30. Ref1 Ne5 31. Nc5 b5 32. Nd7 Rhe8 33. Nxe5 Rxe5 34. Rxf7+
Kg6 35. h4 Re6 36. R7f4 Rc8 37. R1f2 Re1+ 38. Kd2 Rb1 39. b3
Rh1 40. a4 Rc6 41. axb5 axb5 42. Rg2+ Kh6 43. Re4 Rh3 44. Rb4
Rh1 45. Rf4 Rh3 46. Re4 Rhc3 47. Kd1 Rh3 48. Rd4 Rh1+ 49. Kd2
Rh3 50. b4 Rh1 51. Rd8 Kh7 52. Rd5 Rxh4 53. Rxb5 Kh6 54. Kd3
Rhc4 55. Rb8 Kh7 56. Rb7+ Kh6 57. Rb8 1/2-1/2

[Event "World Cup"]
[Site "Tbilisi GEO"]
[Date "2017.09.03"]
[EventDate "2017.09.03"]
[Round "1.1"]
[Result "1/2-1/2"]
[White "Deep Sengupta"]
[Black "Wang Hao"]
[WhiteElo "2589"]
[BlackElo "2702"]
[PlyCount "68"]

1. e4 e5 2. Nf3 Nc6 3. Bc4 Bc5 4. d3 Nf6 5. O-O O-O 6. a4 a5
7. Bg5 h6 8. Bh4 Be7 9. Bg3 d6 10. h3 g6 11. c3 Nh5 12. Bh2
Bg5 13. Na3 Bf4 14. d4 Bxh2+ 15. Kxh2 Qe7 16. Re1 Kg7 17. Bf1
b6 18. Nc4 Ba6 19. Qd2 Nf6 20. Qe3 exd4 21. Nxd4 Ne5 22. Qg3
Kh7 23. Nd2 Bxf1 24. Rxf1 Nh5 25. Qe3 Qh4 26. Kg1 Qf4 27. Qe2
c5 28. N4f3 Nxf3+ 29. Nxf3 Rfe8 30. Rfe1 Nf6 31. Qd2 Qxd2
32. Nxd2 Re6 33. Re3 Rae8 34. Rae1 Kg7 1/2-1/2

[Event "World Cup"]
[Site "Tbilisi GEO"]
[Date "2017.09.04"]
[EventDate "2017.09.03"]
[Round "1.2"]
[Result "1-0"]
[White "Wang Hao"]
[Black "Deep Sengupta"]
[WhiteElo "2702"]
[BlackElo "2589"]
[PlyCount "95"]

1. c4 e5 2. g3 Nf6 3. Bg2 c6 4. Nf3 e4 5. Nd4 d5 6. d3 Bc5
7. Nb3 Bb4+ 8. Bd2 Bxd2+ 9. Qxd2 dxc4 10. dxc4 Qe7 11. Nc3 O-O
12. Qe3 Re8 13. h3 Bf5 14. Nd4 Bg6 15. Rd1 Nbd7 16. O-O a6
17. b3 Rac8 18. Nc2 b5 19. Qa7 Qe5 20. Qd4 Qxd4 21. Rxd4 Nc5
22. Rfd1 Kf8 23. h4 Ke7 24. cxb5 cxb5 25. Ne3 Ne6 26. Ncd5+
Nxd5 27. Rxd5 h6 28. Rd7+ Kf8 29. Bh3 Rc6 30. Kg2 Re7 31. R7d5
Rec7 32. h5 Bh7 33. Rd8+ Nxd8 34. Rxd8+ Ke7 35. Rh8 Rc5
36. Rxh7 Rxh5 37. Rxg7 b4 38. Rg4 Re5 39. Nc4 Rd5 40. Rxe4+
Kf8 41. Rf4 Kg7 42. Bf5 a5 43. Bd3 Ra7 44. Ne3 Rc5 45. Nf5+
Kg6 46. Rd4 Rc1 47. Rg4+ Kf6 48. Rh4 1-0

[Event "World Cup"]
[Site "Tbilisi GEO"]
[Date "2017.09.06"]
[EventDate "2017.09.03"]
[Round "2.1"]
[Result "1/2-1/2"]
[White "Wang Hao"]
[Black "Boris Gelfand"]
[WhiteElo "2701"]
[BlackElo "2737"]
[PlyCount "143"]

1. d4 Nf6 2. c4 e6 3. Nf3 d5 4. Bg5 h6 5. Bxf6 Qxf6 6. e3 g6
7. Qb3 c6 8. Nbd2 Bg7 9. Bd3 O-O 10. O-O Qe7 11. Rac1 Nd7
12. Rfe1 a5 13. a3 dxc4 14. Nxc4 a4 15. Qc3 b6 16. Nfe5 Bxe5
17. dxe5 Ba6 18. Be4 Bxc4 19. Qxc4 Nxe5 20. Qd4 Qf6 21. f4 Ng4
22. Qxf6 Nxf6 23. Bxc6 Ra5 24. Red1 Rc8 25. h3 Nd5 26. Kf2 Ne7
27. Bf3 Rac5 28. Rxc5 Rxc5 29. Rd8+ Kg7 30. Bd1 Nd5 31. Bxa4
Rc1 32. Bb3 Rb1 33. Bxd5 Rxb2+ 34. Kf3 exd5 35. Rxd5 b5 36. g4
Rb3 37. h4 Rxa3 38. Rxb5 Ra1 39. h5 gxh5 40. Rxh5 Ra3 41. Rd5
Rb3 42. Ke4 Ra3 43. Rd6 Rb3 44. Rd3 Rb5 45. Rd5 Rb3 46. Ra5
Kf6 47. Ra8 Kg7 48. Rd8 Ra3 49. Rd3 Ra5 50. Kf3 Ra1 51. Rd5
Ra3 52. Re5 Ra4 53. g5 hxg5 54. Rxg5+ Kf8 55. e4 f6 56. Rb5
Kf7 57. Rb7+ Kf8 58. Rc7 Rb4 59. Ra7 Rc4 60. Ra3 Kf7 61. Re3
Kg6 62. Ra3 Kf7 63. Ra7+ Kf8 64. f5 Rb4 65. Kg4 Rxe4+ 66. Kh5
Kg8 67. Kg6 Rg4+ 68. Kxf6 Rf4 69. Ra8+ Kh7 70. Ke6 Kg7
71. Ra7+ Kg8 72. Ra8+ 1/2-1/2

[Event "World Cup"]
[Site "Tbilisi GEO"]
[Date "2017.09.07"]
[EventDate "2017.09.03"]
[Round "2.2"]
[Result "1/2-1/2"]
[White "Boris Gelfand"]
[Black "Wang Hao"]
[WhiteElo "2737"]
[BlackElo "2701"]
[PlyCount "85"]

1. c4 Nf6 2. Nf3 e6 3. g3 d5 4. d4 Be7 5. Bg2 O-O 6. O-O dxc4
7. Qc2 a6 8. a4 Bd7 9. Bg5 Bc6 10. Rd1 Nbd7 11. Nbd2 h6
12. Bxf6 Nxf6 13. Nxc4 Rc8 14. Nfe5 Bxg2 15. Kxg2 Nd5 16. e4
Nb4 17. Qe2 Qe8 18. b3 Rd8 19. Rac1 f6 20. Nf3 Qh5 21. Ne3 c6
22. Qc4 Qf7 23. a5 Bd6 24. Ra1 f5 25. exf5 Nd5 26. Nh4 g5
27. Ng6 Rfe8 28. Ng4 Kg7 29. f6+ Nxf6 30. N6e5 Qg8 31. Nxf6
Kxf6 32. Ng4+ Ke7 33. Nxh6 Qh7 34. Ng4 Rh8 35. Qe2 Qf5 36. Rd3
Rhf8 37. Kg1 Kd7 38. Ne5+ Bxe5 39. dxe5+ Kc7 40. Rad1 Rd5
41. Qe3 Kb8 42. b4 Rh8 43. f3 1/2-1/2

[Event "World Cup"]
[Site "Tbilisi GEO"]
[Date "2017.09.08"]
[EventDate "2017.09.03"]
[Round "2.3"]
[Result "0-1"]
[White "Boris Gelfand"]
[Black "Wang Hao"]
[WhiteElo "2729"]
[BlackElo "2702"]
[PlyCount "106"]

1. c4 Nf6 2. Nc3 e5 3. Nf3 Nc6 4. g3 d5 5. cxd5 Nxd5 6. Bg2
Bc5 7. O-O O-O 8. d3 Bb6 9. Nxd5 Qxd5 10. b4 a5 11. bxa5 Nxa5
12. Qc2 Nb3 13. Rb1 Nxc1 14. Rfxc1 Rxa2 15. Rb2 Rxb2 16. Qxb2
Re8 17. e3 h6 18. h4 Qd6 19. Nd2 Qxd3 20. Nc4 Qd8 21. Nxb6
cxb6 22. Qb4 g5 23. hxg5 hxg5 24. Qb5 Kg7 25. Bf3 Bd7 26. Qb1
Qf6 27. Bxb7 Rh8 28. Qb2 Bg4 29. Bg2 Rd8 30. Qb4 Be2 31. Re1
Bh5 32. Rc1 Qd6 33. Qb2 Qf6 34. Qb4 Bg6 35. Qb2 Rd6 36. Qb4
Qd8 37. f4 gxf4 38. gxf4 Rd1+ 39. Rxd1 Qxd1+ 40. Kh2 exf4
41. exf4 Qh5+ 42. Kg3 Qc5 43. Qb2+ Kg8 44. Qf6 b5 45. Qe5 Qxe5
46. fxe5 b4 47. Bd5 Bf5 48. Kf4 Be6 49. Be4 Kg7 50. Ke3 Kh6
51. Kd4 Kg5 52. Bc6 Kf4 53. Be4 b3 0-1

[Event "World Cup"]
[Site "Tbilisi GEO"]
[Date "2017.09.08"]
[EventDate "2017.09.03"]
[Round "2.4"]
[Result "1/2-1/2"]
[White "Wang Hao"]
[Black "Boris Gelfand"]
[WhiteElo "2702"]
[BlackElo "2729"]
[PlyCount "58"]

1. e4 c5 2. Nf3 Nc6 3. Bb5 g6 4. Bxc6 bxc6 5. O-O Bg7 6. Re1
Nh6 7. c3 O-O 8. h3 f5 9. e5 Nf7 10. d4 cxd4 11. cxd4 Bb7
12. Na3 c5 13. dxc5 Rc8 14. Be3 Bxf3 15. Qxf3 Nxe5 16. Qd5+ e6
17. Qd2 f4 18. Bd4 Rf5 19. Rad1 Nf3+ 20. gxf3 Qh4 21. Bxg7
Rcxc5 22. Kg2 Rg5+ 23. Kf1 Qxh3+ 24. Ke2 Rge5+ 25. Bxe5 Rxe5+
26. Kd3 Rd5+ 27. Ke2 Re5+ 28. Kd3 Rd5+ 29. Ke2 Re5+ 1/2-1/2

[Event "World Cup"]
[Site "Tbilisi GEO"]
[Date "2017.09.09"]
[EventDate "2017.09.03"]
[Round "3.1"]
[Result "1/2-1/2"]
[White "Wang Hao"]
[Black "Yuri Aleksandrovich Kuzubov"]
[WhiteElo "2702"]
[BlackElo "2652"]
[PlyCount "134"]

1. e4 e5 2. Bc4 Nf6 3. d3 c6 4. Nf3 Be7 5. O-O d6 6. c3 O-O
7. Bb3 Nbd7 8. Nbd2 d5 9. exd5 cxd5 10. Re1 Bd6 11. Nf1 h6
12. Ng3 Re8 13. d4 e4 14. Nh4 Nf8 15. Nhf5 Bc7 16. Be3 Ng6
17. f3 Bxf5 18. Nxf5 Qd7 19. Ng3 Bxg3 20. hxg3 Re7 21. Qd2
Rae8 22. Bf2 h5 23. Bc2 Re6 24. Rad1 Ne7 25. Qf4 Qb5 26. Bb3
a5 27. Qg5 a4 28. c4 Qc6 29. cxd5 Nexd5 30. Bxd5 Qxd5 31. Qxd5
Nxd5 32. fxe4 Rxe4 33. Rxe4 Rxe4 34. Kf1 Re6 35. Rc1 Rb6
36. Rc5 Nf6 37. Rc2 Rb5 38. Ke2 Kf8 39. Kd3 Ke7 40. Kc4 Rf5
41. Kb4 b5 42. Ka5 Kd7 43. Be1 Ne4 44. Bb4 Nd6 45. b3 axb3
46. axb3 Rg5 47. Bxd6 Kxd6 48. Rc3 Rd5 49. Rd3 f5 50. b4 g5
51. Kb6 f4 52. gxf4 gxf4 53. Rf3 Rf5 54. Rc3 h4 55. Rc6+ Kd5
56. Rc5+ Ke4 57. Rxf5 Kxf5 58. d5 h3 59. gxh3 f3 60. d6 Ke6
61. Kc7 f2 62. d7 f1=Q 63. d8=Q Qc4+ 64. Kb6 Qxb4 65. Qe8+ Kf6
66. Qxb5 Qxb5+ 67. Kxb5 Kg5 1/2-1/2

[Event "World Cup"]
[Site "Tbilisi GEO"]
[Date "2017.09.10"]
[EventDate "2017.09.03"]
[Round "3.2"]
[Result "0-1"]
[White "Yuri Aleksandrovich Kuzubov"]
[Black "Wang Hao"]
[WhiteElo "2652"]
[BlackElo "2702"]
[PlyCount "134"]

1. e4 e5 2. Nf3 Nc6 3. Bb5 Nf6 4. d3 Bc5 5. Bxc6 dxc6 6. Qe2
Nd7 7. Be3 Bd6 8. Nbd2 c5 9. Nc4 O-O 10. O-O Re8 11. Nfd2 Nf8
12. Nxd6 cxd6 13. f4 exf4 14. Bxf4 Ng6 15. Be3 Be6 16. Qf2 b6
17. c4 a6 18. b3 b5 19. Nf3 f6 20. Bd2 Rb8 21. Bc3 Rb7 22. Qd2
Rbe7 23. Rf2 Qd7 24. Raf1 Ra8 25. Ne1 a5 26. Bxa5 b4 27. Bxb4
cxb4 28. Qxb4 Ne5 29. Qd2 Qa7 30. h3 Qd4 31. Qb2 Qe3 32. Qe2
Qb6 33. Nf3 Nxf3+ 34. gxf3 Rea7 35. Ra1 Bxh3 36. Kh2 Be6
37. Rg2 Ra5 38. Qf2 Rh5+ 39. Kg1 Qb4 40. Rd1 Rg5 41. f4 Rxg2+
42. Qxg2 Qc3 43. Kh1 Qd4 44. f5 Bf7 45. Rd2 g6 46. Qf2 Qa1+
47. Kh2 Qc1 48. Rc2 Qd1 49. Rd2 Qc1 50. Rc2 Qb1 51. Qd2 Qf1
52. a4 g5 53. Rc1 Qf3 54. Rg1 Qh5+ 55. Kg2 Qg4+ 56. Kf2 Qh4+
57. Kg2 Re8 58. Qf2 Qg4+ 59. Kh2 Qh5+ 60. Kg2 d5 61. cxd5 Bxd5
62. Qd4 Rc8 63. Qb2 Qg4+ 64. Kh2 Qh4+ 65. Kg2 Bxe4+ 66. dxe4
Qxe4+ 67. Kh3 Rc2 0-1